Advanced Quantum Mechanics (Record no. 478465)

000 -LEADER
fixed length control field 00413nam a22001697a 4500
003 - CONTROL NUMBER IDENTIFIER
control field NUST
005 - DATE AND TIME OF LATEST TRANSACTION
control field 20180601040622.0
008 - FIXED-LENGTH DATA ELEMENTS--GENERAL INFORMATION
fixed length control field 180601b ||||| |||| 00| 0 eng d
020 ## - INTERNATIONAL STANDARD BOOK NUMBER
International Standard Book Number 9788177589160
038 ## - RECORD CONTENT LICENSOR
Staff Name SNS Library
082 ## - DEWEY DECIMAL CLASSIFICATION NUMBER
Classification number 530.12
100 ## - MAIN ENTRY--PERSONAL NAME
Relator code J.J. Sakurai
245 ## - TITLE STATEMENT
Title Advanced Quantum Mechanics
Statement of responsibility, etc. J.J. Sakurai
260 ## - PUBLICATION, DISTRIBUTION, ETC.
Place of publication, distribution, etc. India
Name of publisher, distributor, etc. Pearson
Date of publication, distribution, etc. 2009
300 ## - PHYSICAL DESCRIPTION
Extent 344 p.
Other physical details Pb.
942 ## - ADDED ENTRY ELEMENTS (KOHA)
Source of classification or shelving scheme
Koha item type Book
Holdings
Withdrawn status Lost status Source of classification or shelving scheme Damaged status Not for loan Permanent Location Current Location Date acquired Total Checkouts Full call number Barcode Date last seen Price effective from Koha item type Collection code Shelving location Source of acquisition Date last checked out
          School of Natural Sciences (SNS) School of Natural Sciences (SNS) 06/01/2018   530.12 SNS0002346 06/01/2018 06/01/2018 Book        
          School of Natural Sciences (SNS) School of Natural Sciences (SNS) 12/19/2018 1 530.12 SAK 1967 SNS000034 03/05/2019 12/19/2018 Book   General Stacks 2018-09-17 12/19/2018
© 2023 Central Library, National University of Sciences and Technology. All Rights Reserved.